Effectif Manchester city 2023/2024 - Statistiques

Statistiques générales
  • Ce quiz a été pris 64 fois
  • Le résultat moyen est 17 sur 27
Statistiques - réponses
Poste Joueurs % Correct
GK Ederson
98%
A Haaland
95%
D Walker
92%
M De bruyne
90%
D Dias
90%
M Silva
90%
A Foden
88%
D Stones
83%
D Aké
80%
M Rodri
80%
A Alvarez
78%
A Grealish
78%
D Akanji
73%
D Gvardiol
66%
D Cancelo
64%
D Laporte
63%
GK Ortega
63%
M Palmer
61%
M Kovacic
59%
D Lewis
53%
GK Carson
49%
M Phillips
44%
GK Steffen
34%
D Gomez
29%
M McAtee
19%
M Perrone
14%
D Harwood-bellis
5%
Aucun quiz correspondant
Distribution des résultats
% des personnes avec chaque résultat
Percentile par nombre de réponses
Votre historique - résultats
Vous n’avez pas pris ce quiz